LEADER 00877nam0-2200325---450- 001 990009130320403321 005 20100103172106.0 010 $a0-300-11793-0 035 $a000913032 035 $aFED01000913032 035 $a(Aleph)000913032FED01 035 $a000913032 100 $a20091221d2006----km-y0itay50------ba 101 0 $aeng 102 $aUS 105 $ay-------001yy 200 1 $aWriting for science$fRobert Goldbort 210 $aNew Haven$cYale University Press$d2006 215 $aXIII, 330 p.$d24 cm 610 0 $aLingua inglese 610 0 $aStilistica 676 $a808.066 54$v20$zita 700 1$aGoldbort,$bRobert$f<1949- >$0318452 801 0$aIT$bUNINA$gRICA$2UNIMARC 901 $aBK 912 $a990009130320403321 952 $a60 808.066 B 3$b12234$fFAGBC 959 $aFAGBC 996 $aWriting for science$9783760 997 $aUNINA